Supernatural : the unseen powers of animals
| Main Author: | |
|---|---|
| Format: | Book |
| Published: |
London :
BBC Worldwide Ltd. ,
1999
|
| Subjects: |
MARC
| LEADER | 00000cam a2200000 7i4500 | ||
|---|---|---|---|
| 001 | 0000060949 | ||
| 005 | 20020916.0 | ||
| 020 | |a 0563384921 | ||
| 090 | 0 | 0 | |a 591.5 |b DOW |
| 100 | 1 | |a Downer, John | |
| 245 | 1 | 0 | |a Supernatural : |b the unseen powers of animals |c John Downer |
| 260 | |a London : |b BBC Worldwide Ltd. , |c 1999 | ||
| 300 | |a 192p. : |b ill. ; |c 25cm. | ||
| 650 | 0 | 0 | |a Animals |x Habits and behavior |
| 650 | 0 | 0 | |a Unexplained phenomena |
| 999 | |a 00108214 |b BUKU |c PINJAMAN |e PERPUSTAKAAN KOMUNITI PETALING JAYA | ||